Wallace genealogical data; (Record no. 16489)
[ view plain ]
| 000 -LEADER | |
|---|---|
| fixed length control field | 00887cam a22002411 4500 |
| 001 - CONTROL NUMBER | |
| control field | ca 29000180 |
| 003 - CONTROL NUMBER IDENTIFIER | |
| control field | DLC |
| 005 - DATE AND TIME OF LATEST TRANSACTION | |
| control field | 20260227111121.0 |
| 008 - FIXED-LENGTH DATA ELEMENTS--GENERAL INFORMATION | |
| fixed length control field | 890220s1927 pau 000 0 eng |
| 010 ## - LIBRARY OF CONGRESS CONTROL NUMBER | |
| LC control number | ca 29000180 |
| 035 ## - SYSTEM CONTROL NUMBER | |
| System control number | (OCoLC)19240029 |
| 040 ## - CATALOGING SOURCE | |
| Original cataloging agency | DLC |
| Transcribing agency | MnHi |
| Modifying agency | MnHi |
| -- | DLC |
| 042 ## - AUTHENTICATION CODE | |
| Authentication code | premarc |
| 050 00 - LIBRARY OF CONGRESS CALL NUMBER | |
| Classification number | CS71 |
| Item number | .W22 1927a |
| 100 1# - MAIN ENTRY--PERSONAL NAME | |
| Personal name | Seaver, J. Montgomery |
| Fuller form of name | (Jesse Montgomery), |
| Dates associated with a name | 1890- |
| 245 00 - TITLE STATEMENT | |
| Title | Wallace genealogical data; |
| Remainder of title | suggestions for a Wallace family association, a national Wallace family reunion, and a complete Wallace genealogy, |
| Statement of responsibility, etc. | by J. Montgomery Seaver ... |
| 260 ## - PUBLICATION, DISTRIBUTION, ETC. | |
| Place of publication, distribution, etc. | Philadelphia, Pa., |
| -- | Washington, D.C., |
| Name of publisher, distributor, etc. | American Historical-Genealogical Society, |
| Date of publication, distribution, etc. | 1927. |
| 300 ## - PHYSICAL DESCRIPTION | |
| Extent | 37, [1] p. |
| Dimensions | 33 cm. |
| 500 ## - GENERAL NOTE | |
| General note | Caption title. |
| 500 ## - GENERAL NOTE | |
| General note | Text runs parallel with back. |
| 500 ## - GENERAL NOTE | |
| General note | Autographed from type-written copy. |
| 600 30 - SUBJECT ADDED ENTRY--PERSONAL NAME | |
| Personal name | Wallace family. |
No items available.